000 00774nab a2200217u 4500
001 18302
003 HDC
007 c| |||a|c|aaaa
008 210225b20120725my ||||o |||| 00| 0 eng d
040 _aHDC
245 0 _aTurkey: 3rd Halal & Healthy Products fair in Istanbul
336 _atext
_2rdacontent
337 _acomputer
_2rdamedia
338 _aonline resource
_2rdacarrier
650 _aGIMDES (Association for the Inspection and Certification of Food & Supplies)
_917245
650 _aHalal & Healthy Products Fair
_917244
856 _zRequest full-text at [email protected]
942 _2lcc
942 _cNEWS
942 _kNWS0 003500
999 _c15618
_d15618